'M' Countries on a Map Quiz Stats

Quiz Updated Feb 23, 2016

Challenge
Share
Tweet
Score 0/19 Timer 03:00
21 Plays Today
% Correct
Mexico
95%
Madagascar
93.7%
Mongolia
92.4%
Morocco
89.5%
Mali
85.2%
Monaco
84.8%
Malaysia
84.6%
Myanmar
81.6%
Macedonia
80.2%
Malta
79.6%
% Correct
Moldova
79.5%
Mozambique
78.8%
Maldives
76.5%
Montenegro
75.1%
Mauritania
73.1%
Malawi
72%
Mauritius
71.1%
Marshall Islands
68%
Micronesia
63.6%

You're not logged in!

Compare scores with friends on all Sporcle quizzes.
Join for Free
OR
Log In

You Might Also Like...

Show Comments

Extras

Top Quizzes Today


Score Distribution

Your Account Isn't Verified!

In order to create a playlist on Sporcle, you need to verify the email address you used during registration. Go to your Sporcle Settings to finish the process.

Report this User

Report this user for behavior that violates our Community Guidelines.

Details: